000 00582nam a2200217Ia 4500
003 OSt
005 20220928140642.0
006 a|||||r|||| 00| 0
007 ta
008 220927b |||||||| |||| 00| 0 eng d
024 _a10500
037 _cTextual
040 _aSDCL
_cSDCL
_beng
041 _2eng
_aeng
082 _aO-,3M40w, M7
100 _aOrel Harold
_9492040
245 0 _aUnknown Thomas Hardy
_b Lesser-known aspects of Hardy's life and career.
260 _c1987
942 _hO-,3M40w, M7
_cTEXL
_2CC
999 _c813008
_d813008